[Event "Zonal Femenino  2.5  2011"]
[Site "Club de Ajedrez "]
[Date "2011-08-31"]
[Round "6"]
[White "De Leon, Patricia"]
[Black "Moran Reyes, Maria Ines"]
[Result "1-0"]
[WhiteElo "1786"]
[BlackElo "2036"]

 1.d4 Nf6 2.c4 g6 3.f3 Bg7 4.e4 d6 5.Nc3 c6 6.Be3 Qc7 7.Qd2 h5 8.Bd3 Nbd7 9.Nh3 a6 10.Nf2 c5 11.d5 Ne5 12.h3 Nfd7 13.f4 Nxd3+ 14.Nxd3 Nb6 15.b3 Nd7 16.Rc1 Qa5 17.O-O b5 18.Ne2 Qxd2 19.Bxd2 O-O 20.Bc3 Nb6 21.Bxg7 Kxg7 22.Nb2 e6 23.dxe6 fxe6 24.Rfd1 Rd8 25.e5 bxc4 26.Nxc4 Nxc4 27.Rxc4 d5 28.Rxc5 Kf7 29.Nd4 Bd7 30.Rdc1 Rac8 31.Rc7 Ke8 32.b4 Rxc7 33.Rxc7 Ra8 34.Rc5 Rb8 35.a3 Rb6 36.Kf2 Bb5 37.g4 hxg4 38.hxg4 Bc4 39.Kg3 Kd7 40.Kh4 Bd3 41.Kg5 Ke7 42.Rc7+ Kd8 43.Rc3 Be4 44.f5 gxf5 45.gxf5 exf5 46.Nxf5 Kd7 47.Nd4 Rg6+ 48.Kf4 Rg8 49.e6+ Ke7 50.Rc7+ Kd8 51.Ra7 Rf8+ 52.Ke5 Re8 53.Kd6

[Event "Zonal Femenino  2.5  2011"]
[Site "Club de Ajedrez "]
[Date "2011-09-02"]
[Round "7"]
[White "Fernandez, Maria Florencia"]
[Black "Lujan, Carolina"]
[Result "1/2-1/2"]
[WhiteElo "2141"]
[BlackElo "2355"]

 1.Nf3 f5 2.d3 g6 3.e4 d6 4.h4 Bg7 5.h5 e6 6.hxg6 hxg6 7.Rxh8 Bxh8 8.Nc3 Nc6 9.exf5 gxf5 10.Ng5 Nf6 11.Be2 Nd4 12.Be3 Nxe2 13.Qxe2 Qe7 14.O-O-O Bd7 15.Re1 O-O-O 16.Bd2 Re8 17.d4 Qg7 18.Qc4 Ne4 19.Ncxe4 fxe4

[Event "Zonal Femenino  2.5  2011"]
[Site "Club de Ajedrez "]
[Date "2011-09-02"]
[Round "7"]
[White "Zuriel, Marisa"]
[Black "Larrachea Formas, Emilia Victoria"]
[Result "1-0"]
[WhiteElo "2214"]
[BlackElo "2026"]

 1.e4 d6 2.d4 g6 3.Nc3 Bg7 4.Be3 Nd7 5.f4 e5 6.dxe5 dxe5 7.Nf3 Ngf6 8.fxe5 Ng4 9.Bg5 f6 10.exf6 Bxf6 11.Bxf6 Qxf6 12.Qd2 c6 13.O-O-O O-O 14.Bc4+ Kg7 15.Rhf1 Qf4 16.Qxf4 Rxf4 17.Kd2 b5 18.Bd3 h6 19.h3 Nge5 20.Ke3 Rf6 21.Ne2 Ba6 22.Nxe5 Nxe5 23.b4 Raf8 24.Rxf6 Rxf6 25.Nd4 Bc8 26.Be2 Be6 27.a4 a6 28.a5 g5 29.Nf3 Ng6 30.Rd8 Nf4 31.Bf1 Ba2 32.Ra8 Re6 33.Nd4 Nd5+ 34.Kf3 Rf6+ 35.Nf5+ Kg6 36.Ra7 Rf8 37.Rxa6 Nxb4 38.Rb6 Be6 39.c3 Bxf5 40.exf5+ Rxf5+ 41.Ke2 Re5+ 42.Kf2 Nd5 43.Rxc6+ Kf5 44.Bd3+

[Event "Zonal Femenino  2.5  2011"]
[Site "Club de Ajedrez "]
[Date "2011-09-02"]
[Round "7"]
[White "Vargas, Gabriela"]
[Black "Colombo, Camila"]
[Result "0-1"]
[WhiteElo "2086"]
[BlackElo "2117"]

 1.d4 Nf6 2.c4 g6 3.f3 Bg7 4.e4 d6 5.Be3 O-O 6.Qd2 a6 7.a4 Nbd7 8.Bd3 c5 9.d5 Ne5 10.Ne2 Nxd3+ 11.Qxd3 Nd7 12.Nec3 Ne5 13.Qe2 f5 14.Nd2 f4 15.Bf2 g5 16.Rb1 a5 17.Kd1 Bd7 18.Nb5 b6 19.Rc1 Rc8 20.b3 Qe8 21.Kc2 Qf7 22.Nc3 Qf6 23.Kb1 Rf7 24.h3 Kf8 25.g4 fxg3 26.Bxg3 Nxf3 27.e5 Qg6+ 28.Ka2 Nxe5 29.Nce4 h6 30.h4 g4 31.h5 Qf5 32.Rcf1 Nf3 33.Rf2 Bd4 34.Rff1 Kg7 35.Bxd6 exd6

[Event "Zonal Femenino  2.5  2011"]
[Site "Club de Ajedrez "]
[Date "2011-09-02"]
[Round "7"]
[White "Cortes Arias, Mariela Natalia"]
[Black "Martinez, Ayelen"]
[Result "0-1"]
[WhiteElo "1771"]
[BlackElo "2011"]

 1.e4 c5 2.Nf3 d6 3.d4 cxd4 4.Nxd4 Nf6 5.Nc3 a6 6.Bg5 e6 7.f4 Be7 8.Qf3 Qc7 9.O-O-O Nbd7 10.Bd3 h6 11.Bh4 g5 12.fxg5 Ne5 13.Qe2 Nfd7 14.Nxe6 fxe6 15.Qh5+ Kd8 16.g6 Nxg6 17.Bxe7+ Nxe7 18.Rhf1 Qc5 19.Qf7 Ne5 20.Qf6 Rh7 21.Be2 Kc7 22.g4 Bd7 23.h4 Qe3+ 24.Kb1 Rf7 25.Qxe5 dxe5 26.Rxf7 Re8 27.Bc4 Qc5 28.Bb3 b5 29.Rh7 b4 30.Ne2 Qe3 31.Nc1 Qxe4 32.Rxh6 Qxg4 33.Re1 Nf5 34.Rh7 Nxh4 35.Ba4 Rd8 36.Nd3 Nf3 37.Reh1 Kc8 38.Bxd7+ Rxd7 39.Rxd7 Kxd7 40.Nc5+ Kc6 41.Nxa6 Kb6 42.Nb8 Ng1 43.Nd7+ Kc7

[Event "Zonal Femenino  2.5  2011"]
[Site "Club de Ajedrez "]
[Date "2011-09-02"]
[Round "7"]
[White "Moran Reyes, Maria Ines"]
[Black "Nejanky, Maisa"]
[Result "0-1"]
[WhiteElo "2036"]
[BlackElo "2069"]

 1.d4 Nf6 2.c4 c5 3.d5 b5 4.Nc3 bxc4 5.Qa4 g6 6.e4 Bg7 7.Be3 Qb6 8.Bxc4 O-O 9.Nge2 d6 10.h3 Ba6 11.Bb3 Qb4 12.f3 Qxa4 13.Bxa4 Nbd7 14.O-O Rab8 15.Rab1 Bd3 16.Rbd1 Bxe2 17.Nxe2 Rxb2 18.Nc3 Rbb8 19.Rb1 Nb6 20.Bc6 Nc4 21.Bg5 h6 22.Bc1 Rxb1 23.Nxb1 Rb8 24.Na3 Ne5 25.Bb5 Rb6 26.Bd2 a6 27.Bc4 Nxc4 28.Nxc4 Rb8 29.Kf2 Nd7 30.f4 Bd4+ 31.Kf3 Rb5 32.Rc1 f5 33.e5 dxe5 34.fxe5 Nxe5+ 35.Nxe5 Bxe5 36.Bxh6 Bd6 37.Rc4 Rb4 38.Rxb4 cxb4 39.Be3 a5 40.Ke2 Kf7 41.Kd3 Kf6 42.Bd4+ Kg5 43.Kc4 Kf4 44.Bb6 a4 45.Bf2 Ke4 46.Be1 b3 47.axb3 a3 48.Bc3 a2 49.b4 Be5 50.Kb3 Bxc3 51.Kxa2 Bxb4

[Event "Zonal Femenino  2.5  2011"]
[Site "Club de Ajedrez "]
[Date "2011-09-03"]
[Round "8"]
[White "Lujan, Carolina"]
[Black "De Leon, Patricia"]
[Result "1-0"]
[WhiteElo "2355"]
[BlackElo "1786"]

 1.e4 e6 2.Qe2 c5 3.Nf3 Nc6 4.g3 Be7 5.Bg2 d5 6.d3 Nf6 7.e5 Nd7 8.h4 b5 9.O-O O-O 10.Bf4 Nb6 11.Re1 b4 12.Nbd2 a5 13.Nf1 Ba6 14.Ne3 Na4 15.Rab1 Qd7 16.Ng5 Nd4 17.Qg4 Rae8 18.Nxd5 f5 19.exf6 Bxf6 20.Ne4 Bd8 21.Ne3 Bb7 22.Be5 Bxe4 23.Bxe4 Bf6 24.Bxf6 Rxf6 25.f4 Qf7 26.Kg2 Kh8 27.Rf1 Rf8 28.h5 Qe8 29.Rh1 Nf5 30.Bxf5 exf5 31.Qf3 Re6 32.Kf2 Qf7 33.Nc4 Qd7 34.Ne5 Qd8 35.Ng6+

[Event "Zonal Femenino  2.5  2011"]
[Site "Club de Ajedrez "]
[Date "2011-09-03"]
[Round "8"]
[White "Colombo, Camila"]
[Black "Zuriel, Marisa"]
[Result "1-0"]
[WhiteElo "2117"]
[BlackElo "2214"]

 1.d4 Nf6 2.c4 c5 3.d5 b5 4.Qc2 bxc4 5.Nc3 d6 6.e4 g6 7.Bxc4 Bg7 8.Nf3 Nbd7 9.h3 O-O 10.O-O Nb6 11.Be2 a5 12.a4 Ba6 13.Nb5 Qd7 14.Ra2 Ne8 15.b3 Nc7 16.Na3 Bxe2 17.Qxe2 Rfb8 18.Bb2 Rb7 19.Bxg7 Kxg7 20.Nd2 e6 21.dxe6 Qxe6 22.Rc2 Re8 23.Qd3 Ra7 24.Rd1 Nc8 25.f3 f6 26.Ndc4 Na6 27.Qc3 Nb4 28.Rcd2 Rd8 29.Nb5 d5 30.Nxa7 d4 31.Qc1 Nxa7 32.Nxa5 Qb6 33.Nc4 Qc7 34.Na3 Rc8 35.Qc4 Qe5 36.Nc2 Rb8 37.Ne1 Qd6 38.Rc1 Qf4 39.Qxc5 Qxd2 40.Qxa7+ Kh6 41.Qxb8 Qxc1 42.Qf8+ Kg5 43.Qxb4 d3 44.Kh2 d2 45.f4+ Kxf4 46.Nd3+ Kg5 47.Nxc1 dxc1=Q 48.Qd6 f5 49.exf5 gxf5 50.b4 f4 51.Qc5+

[Event "Zonal Femenino  2.5  2011"]
[Site "Club de Ajedrez "]
[Date "2011-09-03"]
[Round "8"]
[White "Martinez, Ayelen"]
[Black "Fernandez, Maria Florencia"]
[Result "1/2-1/2"]
[WhiteElo "2011"]
[BlackElo "2141"]

 1.e4 c5 2.Nf3 d6 3.Bb5+ Bd7 4.Bxd7+ Qxd7 5.O-O Nc6 6.c3 g6 7.d4 cxd4 8.cxd4 Bg7 9.Nc3 Rd8 10.Be3 b6 11.d5 Ne5 12.Nxe5 Bxe5 13.Bd4 Bxd4 14.Qxd4 Nf6 15.f4 O-O 16.h3 b5 17.a4 b4 18.Qxb4 Rb8 19.Qa3 a5 20.Rae1 Rb4 21.Qa2 Rfb8 22.Re2 Qa7+ 23.Kh2 Qa6 24.Rff2 Nd7 25.Qb1 Nc5 26.Qf1 f6 27.g4 Qc4 28.e5 Nd3 29.Re4 Qc5 30.Rfe2 Rxb2 31.Nb5 Qxd5 32.Rd4 Qa2 33.Rxb2 Qxb2+ 34.Kg3 Rxb5 35.Rxd3 Rb3 36.exd6 Qc2 37.Rf3 exd6 38.Qe1 Rxf3+ 39.Kxf3 Qc6+ 40.Kg3 Qc7 41.h4 Kf7 42.Qf2 d5 43.g5 fxg5 44.hxg5 Qd7 45.Qd4 Qe6 46.Qa7+

[Event "Zonal Femenino  2.5  2011"]
[Site "Club de Ajedrez "]
[Date "2011-09-03"]
[Round "8"]
[White "Nejanky, Maisa"]
[Black "Abarca González, Damaris"]
[Result "1-0"]
[WhiteElo "2069"]
[BlackElo "1995"]

 1.e4 e5 2.Nc3 Nc6 3.f4 Bc5 4.Nf3 d6 5.Na4 Bg4 6.c3 a6 7.Nxc5 dxc5 8.h3 Bxf3 9.Qxf3 Qd6 10.d3 Nge7 11.f5 O-O-O 12.Be3 Nb8 13.Be2 Nd7 14.Qf2 f6 15.O-O g6 16.g4 Rdg8 17.Kh2 h5 18.gxh5 gxf5 19.Rad1 f4 20.Bc1 Qe6 21.Rg1 f5 22.exf5 Nxf5 23.Bg4 Nf6 24.Qe2 Nxg4+ 25.Rxg4 Ng3 26.Qf3 Nxh5 27.Rxg8+ Rxg8 28.Qxh5 Rg3 29.Qh8+ Kd7 30.d4 Qg6 31.dxe5+ Ke6 32.Qf6+ Qxf6 33.exf6 Kxf6 34.Bxf4 Rf3 35.Bg3 c6 36.Rd7 b5 37.Rd6+ Ke7 38.Rxc6 Rd3 39.Rxa6 Rd2+ 40.Kg1 c4 41.Bd6+ Kf7 42.Ba3 Rd5 43.Kg2 Kg7 44.Kg3 Rg5+ 45.Kf4 Rh5 46.Kg4 Re5 47.h4 Re4+ 48.Kg5 Re5+ 49.Kf4 Rh5 50.Kg4 Re5 51.h5 Re1 52.Bc5 Re4+ 53.Kf5 Re1 54.Bd4+ Kh7 55.Kg5

[Event "Zonal Femenino  2.5  2011"]
[Site "Club de Ajedrez "]
[Date "2011-09-03"]
[Round "8"]
[White "Jorquera Cabello, Valentina Paz"]
[Black "Cortes Arias, Mariela Natalia"]
[Result "1/2-1/2"]
[WhiteElo "1985"]
[BlackElo "1771"]

 1.e4 e6 2.d3 d5 3.Nd2 c5 4.g3 Nc6 5.Bg2 g6 6.Ngf3 Bg7 7.O-O Nge7 8.Re1 h6 9.h4 b6 10.e5 Qc7 11.Qe2 g5 12.hxg5 hxg5 13.Nxg5 Qxe5 14.Qxe5 Nxe5 15.Nf1 Ba6 16.Ne3 O-O 17.f4 N5c6 18.Rb1 Rac8 19.Bd2 Nd4 20.Bc3 b5 21.a3 Nec6 22.Kf2 b4 23.Bxd4 cxd4 24.Nf1 b3 25.cxb3 Bxd3 26.Rbc1 Na5 27.Nd2 Rc2 28.Rxc2 Bxc2 29.Bh3 Nxb3 30.Nxb3 Bxb3 31.Ke2 Bc4+ 32.Kd2 Rb8 33.b4 a5 34.Rb1 axb4 35.Rxb4 Rxb4 36.axb4 Bf8 37.Bg4 Bxb4+ 38.Kc1 Be1 39.Bh5 Bxg3 40.Bxf7+ Kf8 41.Kd1 Bb3+ 42.Ke2 e5 43.fxe5 Bxe5 44.Bg6 Bc4+ 45.Bd3 Ke7 46.Nf3 Bf6 47.Nd2 Bxd3+ 48.Kxd3 Kd6 49.Nf3 Kc5 50.Nh2 Be5 51.Ng4 Bf4 52.Nf6 Be3 53.Nd7+ Kc6 54.Nf6 Bg5 55.Ng4 Bf4 56.Nf2 Kc5 57.Ng4 Kd6 58.Kxd4 Bc1 59.Nf2 Bb2+ 60.Kd3 Ke5 61.Ng4+ Kf4 62.Ne3 d4 63.Nc2

[Event "Zonal Femenino  2.5  2011"]
[Site "Club de Ajedrez "]
[Date "2011-09-03"]
[Round "8"]
[White "Larrachea Formas, Emilia Victoria"]
[Black "Moran Reyes, Maria Ines"]
[Result "1-0"]
[WhiteElo "2026"]
[BlackElo "2036"]

 1.d4 Nf6 2.c4 g6 3.Nc3 Bg7 4.Nf3 d6 5.g3 Nbd7 6.Bg2 O-O 7.O-O e5 8.d5 a5 9.Qc2 Nc5 10.e4 Ne8 11.Bg5 Qd7 12.Be3 f5 13.Bxc5 dxc5 14.Ng5 Qe7 15.f4 exf4 16.gxf4 fxe4 17.Ncxe4 h6 18.Ne6 Bxe6 19.dxe6 Qxe6 20.Rae1 Bd4+ 21.Kh1 Qg4 22.Ng3 c6 23.Bf3 Qh4 24.Qxg6+ Ng7 25.Be4 Qf6 26.Qh7+ Kf7 27.Nh5 Qd6 28.Bg6+ Qxg6 29.Re7+ Kxe7 30.Qxg6 Nxh5 31.Qxh5 Rg8 32.Re1+ Kf6 33.Qh3 Rae8 34.Rf1 Rg6 35.f5 Rgg8 36.Qxh6+ Kf7 37.f6 Re6 38.Qh7+ Kf8 39.f7 Rh8 40.Qf5 Rf6 41.Qc8+ Kxf7 42.Qxb7+ Kg6 43.Rxf6+ Kxf6 44.Qxc6+ Kf5 45.Qd5+ Kf4 46.b3 Ke3 47.Kg2 Kd3 48.Kg3 Kc2 49.Qg2+ Kb1 50.Kf4 Rf8+ 51.Ke4 Rf2 52.Qg3 Kxa2 53.h4 Re2+ 54.Kd5 Re3 55.Qc7 Kxb3 56.Qb6+ Kc2 57.Qxa5 Re5+ 58.Kc6 Re6+ 59.Kb5 Re3 60.Qa2+ Kc1 61.h5 Rh3 62.Qe2 Rb3+ 63.Kc6 Re3 64.Qg2 Re6+ 65.Kd7 Re3 66.h6 Rc3 67.h7 Kd1 68.Kc6 Ke1 69.Kd5 Re3 70.Qh1+ Kd2 71.h8=Q Bxh8 72.Qxh8 Rd3+ 73.Kxc5

[Event "Zonal Femenino  2.5  2011"]
[Site "Club de Ajedrez "]
[Date "2011-09-04"]
[Round "9"]
[White "Lujan, Carolina"]
[Black "Vargas, Gabriela"]
[Result "1/2-1/2"]
[WhiteElo "2355"]
[BlackElo "2086"]

 1.e4 e6 2.Qe2 c5 3.Nf3 Nc6 4.g3 g6 5.Bg2 Bg7 6.O-O Nge7 7.d3 d6 8.c3 O-O 9.a3 a5 10.a4 e5 11.Na3 h6 12.Nb5 Na7 13.Nxa7 Rxa7 14.Be3 b6 15.Qd2 Kh7 16.b4 axb4 17.cxb4 Nc6 18.b5 Na5 19.Rab1 Be6 20.Qc2

[Event "Zonal Femenino  2.5  2011"]
[Site "Club de Ajedrez "]
[Date "2011-09-04"]
[Round "9"]
[White "Colombo, Camila"]
[Black "Nejanky, Maisa"]
[Result "1-0"]
[WhiteElo "2117"]
[BlackElo "2069"]

 1.d4 f5 2.g3 Nf6 3.Bg2 g6 4.Nf3 Bg7 5.O-O O-O 6.b3 c6 7.Bb2 d6 8.c4 Qe8 9.Qc2 Nbd7 10.Nc3 e5 11.dxe5 Nxe5 12.Rad1 Nf7 13.Nd4 Bd7 14.e3 Rd8 15.Ba3 Bc8 16.Nde2 Qe5 17.Bb2 Qe7 18.Nd4 Rfe8 19.Ba3 Ne4 20.Nce2 a6 21.Nf4 Qg5 22.f3 Nf6 23.Bc1 Nh5 24.e4 Nxf4 25.Bxf4 Qf6 26.exf5 g5 27.Bc1 c5 28.Ne6 Bxe6 29.fxe6 Rxe6 30.Bh3 Re7 31.Bf5 h6 32.Rd2 Rde8 33.Be4 Qc3 34.Qd1 Bd4+ 35.Kh1 Qb4 36.Bb2 Bxb2 37.Rxb2 Qc3 38.Rc2 Qf6 39.Qd5 Kg7 40.Rcf2 Qe5 41.Qd2 Nd8 42.Rd1 Nf7 43.Rdf1 Nd8 44.Rd1 Re6 45.Bd5 Rf6 46.f4 Qe3 47.Qb2 g4 48.Rdd2 Qe1+ 49.Kg2 Rf8 50.Rfe2

[Event "Zonal Femenino  2.5  2011"]
[Site "Club de Ajedrez "]
[Date "2011-09-04"]
[Round "9"]
[White "Zuriel, Marisa"]
[Black "Cortes Arias, Mariela Natalia"]
[Result "1-0"]
[WhiteElo "2214"]
[BlackElo "1771"]

 1.e4 e6 2.d4 d5 3.Nc3 Bb4 4.e5 c5 5.a3 Bxc3+ 6.bxc3 Ne7 7.Qg4 Qc7 8.Qxg7 Rg8 9.Qxh7 cxd4 10.Ne2 Nbc6 11.f4 Bd7 12.h4 dxc3 13.h5 O-O-O 14.Qd3 Nf5 15.Rb1 Kb8 16.Rg1 Rg4 17.g3 Nce7 18.Bh3 Rg7 19.g4 Rdg8 20.Rb3 Qa5 21.Qxc3 Qxc3+ 22.Rxc3 d4 23.Rb3 Ba4 24.Rb4 Bxc2 25.Nxd4 Nxd4 26.Rxd4 Bf5 27.Rd2 Rc8 28.Bb2 Nd5 29.Rxd5 exd5 30.e6 d4 31.Bxd4 Rc1+ 32.Kf2 Rc2+ 33.Kf3 Bxe6 34.Bxg7 Bd5+ 35.Kg3 Ra2 36.Be5+ Kc8 37.g5+

[Event "Zonal Femenino  2.5  2011"]
[Site "Club de Ajedrez "]
[Date "2011-09-04"]
[Round "9"]
[White "Larrachea Formas, Emilia Victoria"]
[Black "Martinez, Ayelen"]
[Result "1-0"]
[WhiteElo "2026"]
[BlackElo "2011"]

 1.d4 Nf6 2.c4 g6 3.Nc3 Bg7 4.Nf3 O-O 5.e3 d6 6.Bd3 Nbd7 7.Qc2 c5 8.O-O Ne8 9.Rb1 f5 10.Ng5 Ndf6 11.d5 h6 12.Nh3 Ng4 13.Qe2 Ne5 14.Bc2 Nc7 15.Nf4 a6 16.e4 g5 17.Nh5 f4 18.f3 b5 19.Nxg7 Kxg7 20.b3 Rb8 21.Bb2 g4 22.Nd1 gxf3 23.Qxf3 Rf6 24.Qh5 Bg4 25.Qh4 Qd7 26.h3 Bxd1 27.Bxd1 Rbf8 28.Qh5 Nd3 29.Bg4 Qe8 30.Bxf6+ Rxf6 31.Qxe8 Nxe8 32.Be2 bxc4 33.bxc4 Nb4 34.a3 Nc2 35.Bh5 Rf8 36.Rb7 Nf6 37.Rxe7+ Kg8 38.Bg6 Nxa3 39.Rxf4 Nxc4 40.Bf5 Ne5 41.Be6+ Kh8 42.Rh4 h5 43.Bf5 c4 44.Kf1 Rb8 45.Rc7 Rb1+ 46.Kf2 a5 47.Kg3 Rb2 48.Rf4 Nd3 49.Rf1 h4+ 50.Kh2 Nf2 51.Rxc4 Nh5 52.e5 Kg8 53.Rxh4 Ng7 54.Bh7+ Kh8 55.Bc2+ Kg8 56.Rxf2 Rb8 57.exd6 Rd8 58.Bh7+ Kh8 59.Bg6+

[Event "Zonal Femenino  2.5  2011"]
[Site "Club de Ajedrez "]
[Date "2011-09-04"]
[Round "9"]
[White "Moran Reyes, Maria Ines"]
[Black "Fernandez, Maria Florencia"]
[Result "0-1"]
[WhiteElo "2036"]
[BlackElo "2141"]

 1.d4 Nf6 2.c4 g6 3.Nc3 Bg7 4.e4 d6 5.f3 O-O 6.Be3 e5 7.d5 c6 8.Qd2 cxd5 9.cxd5 a6 10.h4 b5 11.h5 Nxh5 12.Bh6 Nd7 13.g4 Nf4 14.Bxg7 Kxg7 15.Qh2 h5 16.Nge2 b4 17.Na4 Nxe2 18.Bxe2 Rh8 19.gxh5 Rxh5 20.Qg2 Rxh1+ 21.Qxh1 Nf6 22.Rc1 Bd7 23.b3 Rc8 24.Kf2 Bxa4 25.bxa4 Nh5 26.Rxc8 Qxc8 27.Qb1 Qc5+ 28.Kg2 Nf4+ 29.Kf1 Qe3 30.Qd1 Nh3 31.Kg2 Qxe2+ 32.Qxe2 Nf4+ 33.Kf2 Nxe2 34.Kxe2 Kf6 35.Ke3 Kg5 36.f4+ exf4+ 37.Kf3 a5 38.e5 dxe5 39.d6 Kf6 40.d7 Ke7

[Event "Zonal Femenino  2.5  2011"]
[Site "Club de Ajedrez "]
[Date "2011-09-04"]
[Round "9"]
[White "Abarca González, Damaris"]
[Black "Jorquera Cabello, Valentina Paz"]
[Result "1/2-1/2"]
[WhiteElo "1995"]
[BlackElo "1985"]

 1.e4 c5 2.Nc3 Nc6 3.g3 d6 4.Bg2 g6 5.d3 Bg7 6.Be3 b6 7.Qd2 Bb7 8.Nge2 Qd7 9.h4 h5 10.Bh3 e6 11.Bg5 Nge7 12.O-O-O Nd4 13.Bg2 Nec6 14.Kb1 b5 15.Rhe1 f6 16.Be3 b4 17.Na4 e5 18.b3 O-O 19.Nb2 Ne7 20.Ng1 Nb5 21.Na4 Na3+ 22.Ka1 f5 23.Nb2 Nc8 24.Rc1 Nb6 25.Bh6 f4 26.Bh3 Qe7 27.Bxg7 Kxg7 28.Bg2 a5 29.Nc4 Nbxc4 30.dxc4 a4 31.Kb2 Ba6 32.Qd5 Bb7 33.Qd3 axb3 34.cxb3 fxg3 35.fxg3 Rf2+ 36.Re2 Raf8 37.Nf3 Rxe2+ 38.Qxe2 Bc8 39.Qd2 Qf6 40.Rf1 Bg4 41.Nh2 Qe7 42.Nxg4 hxg4